000 00521nab a2200193 4500
001 244442
003 OSt
005 20251112132601.0
007 tu
008 200917s2020|||||||
040 _aDE-2950
_cDE-2950
245 0 0 _aLenné-Büste für den Lennépark in Frankfurt enthüllt
_cred
264 _c2025
653 _aFrankfurt (Oder)
653 _aLenné-Büste
653 _aChristopher Jakobitz
773 0 _g36. Jahrgang (2025) Nr. 257 vom 05.11.2025, S. 13 mit Foto
_tMärkische Oderzeitung
942 _2z
_cA
999 _c374104
_d374104